Music Quiz

Random Music or Taylor Swift Quiz

Taylor Swift Songs Quiz Stats

 Plays Quiz not verified by Sporcle

Score 0/6 Timer 01:00
0 Plays Today
% Correct
love story
96.2%
our song
92.4%
you belong with me
92%
picture to burn
88.2%
teardrops on my guitar
83%
mine
79.9%

You're not logged in!

Compare scores with friends on all Sporcle quizzes.
OR
Log In

Show Comments

Extras

Created Oct 18, 2010ReportNominate
Tags:Song Quiz, Taylor Swift Quiz

Top Quizzes Today


Score Distribution

Your Account Isn't Verified!

In order to create a playlist on Sporcle, you need to verify the email address you used during registration. Go to your Sporcle Settings to finish the process.

Report this User

Report this user for behavior that violates our Community Guidelines.

Details: